Najwięksi partnerzy handlowi - Francja - Statystyki

Ogólne statystyki
  • Ten quiz został rozwiązany 68 razy
  • Średni wynik to 15 z 18
Statystyki odpowiedzi
export import kraj % Poprawnych
47,5 mld 55,9 mld Stany Zjednoczone
100%
48,2 mld 54,3 mld Hiszpania
98%
86,7 mld 97,6 mld Niemcy
98%
15,6 mld 17,6 mld Polska
95%
39,2 mld 28,2 mld Wielka Brytania
93%
56,7 mld 56,6 mld Włochy
93%
27,0 mld 77,0 mld Chiny
92%
51,6 mld 65,3 mld Belgia
90%
24,6 mld 33,8 mld Holandia
88%
7,19 mld 10,6 mld Japonia
88%
22,2 mld 18,5 mld Szwajcaria
88%
7,49 mld Portugalia
87%
12,8 mld 12,2 mld Turcja
82%
7,63 mld 9,73 mld Indie
75%
10,6 mld Korea Południowa
72%
10,3 mld Czechy
70%
7,87 mld 11,3 mld Irlandia
70%
10,6 mld Singapur
20%
Nie znaleziono quizów pasujących do podanych kryteriów
Rozkład punktacji
Procent ludzi z każdym wynikiem
Percentyl według liczby udzielonych odpowiedzi
Twoja historia wyników
Nie rozwiązałeś tego quizu